000 03916nam a22006015i 4500
001 978-3-030-50075-7
003 DE-He213
005 20200904105805.0
007 cr nn 008mamaa
008 200824s2020 gw | s |||| 0|eng d
020 _a9783030500757
_9978-3-030-50075-7
024 7 _a10.1007/978-3-030-50075-7
_2doi
050 4 _aQL351-352
072 7 _aPSV
_2bicssc
072 7 _aSCI070000
_2bisacsh
072 7 _aPSV
_2thema
072 7 _aPSAB
_2thema
082 0 4 _a578.012
_223
245 1 0 _aDNA Barcoding and Molecular Phylogeny
_h[electronic resource] /
_cedited by Subrata Trivedi, Hasibur Rehman, Shalini Saggu, Chellasamy Panneerselvam, Sankar K. Ghosh.
250 _a2nd ed. 2020.
264 1 _aCham :
_bSpringer International Publishing :
_bImprint: Springer,
_c2020.
300 _aVI, 267 p. 41 illus., 23 illus. in color.
_bonline resource.
336 _atext
_btxt
_2rdacontent
337 _acomputer
_bc
_2rdamedia
338 _aonline resource
_bcr
_2rdacarrier
347 _atext file
_bPDF
_2rda
520 _aThis book presents a comprehensive overview of DNA barcoding and molecular phylogeny, along with a number of case studies. It discusses a number of areas where DNA barcoding can be applied, such as clinical microbiology, especially in relation to infection management; DNA database management; and plant -animal interactions, and also presents valuable information on the DNA barcoding and molecular phylogeny of microbes, algae, elasmobranchs, fishes, birds and ruminant mammals. Furthermore it features unique case studies describing DNA barcoding of reptiles dwelling in Saudi Arabian deserts, genetic variation studies in both wild and hatchery populations of Anabas testudineus, DNA barcoding and molecular phylogeny of Ichthyoplankton and juvenile fishes of Kuantan River in Malaysia, and barcoding and molecular phylogenetic analysis of indigenous bacteria from fishes dwelling in a tropical tidal river. Moreover, since prompt identification and management of invasive species is vital to prevent economic and ecological loss, the book includes a chapter on DNA barcoding of invasive species. Given its scope, this book will appeal not only to researchers, teachers and students around the globe, but also to general readers.
650 0 _aAnimal systematics.
650 0 _aAnimal taxonomy.
650 0 _aPlant genetics.
650 0 _aAnimal genetics.
650 0 _aMicrobial genetics.
650 0 _aMicrobial genomics.
650 1 4 _aAnimal Systematics/Taxonomy/Biogeography.
_0https://scigraph.springernature.com/ontologies/product-market-codes/L2504X
650 2 4 _aPlant Genetics and Genomics.
_0https://scigraph.springernature.com/ontologies/product-market-codes/L32020
650 2 4 _aAnimal Genetics and Genomics.
_0https://scigraph.springernature.com/ontologies/product-market-codes/L32030
650 2 4 _aMicrobial Genetics and Genomics.
_0https://scigraph.springernature.com/ontologies/product-market-codes/L32010
700 1 _aTrivedi, Subrata.
_eeditor.
_4edt
_4http://id.loc.gov/vocabulary/relators/edt
700 1 _aRehman, Hasibur.
_eeditor.
_4edt
_4http://id.loc.gov/vocabulary/relators/edt
700 1 _aSaggu, Shalini.
_eeditor.
_4edt
_4http://id.loc.gov/vocabulary/relators/edt
700 1 _aPanneerselvam, Chellasamy.
_eeditor.
_4edt
_4http://id.loc.gov/vocabulary/relators/edt
700 1 _aGhosh, Sankar K.
_eeditor.
_4edt
_4http://id.loc.gov/vocabulary/relators/edt
710 2 _aSpringerLink (Online service)
773 0 _tSpringer Nature eBook
776 0 8 _iPrinted edition:
_z9783030500740
776 0 8 _iPrinted edition:
_z9783030500764
776 0 8 _iPrinted edition:
_z9783030500771
856 4 0 _uhttps://doi.org/10.1007/978-3-030-50075-7
912 _aZDB-2-SBL
912 _aZDB-2-SXB
999 _c462002
_d462002